000 00319nam a22001457a 4500
008 210427b ||||| |||| 00| 0 eng d
020 _a9780030339295
041 _aeng
080 _26th
_a330.322
082 _a330.322
100 _a62
101 _aINV
245 _aInvestments
_cFrank K. Reilly
942 _2udc
_cBK
999 _c56810
_d56810